| 000 | 00797cam a2200169 4500 | ||
|---|---|---|---|
| 001 | WB3802-01 | ||
| 008 | 020117n2002 000 0 eng u | ||
| 035 | _a(Sirsi) u116359 | ||
| 245 | _aBeware Data Protection offer | ||
| 260 | _c2002 | ||
| 490 |
_aAntiques Trade Gazette _v(1522) 19 January 2002, 1&3(1) |
||
| 520 | _aThe antiques and fine art trade have been warned by government to beware of agencies attempting to cash in on the 1998 Data Protection Act at dealers' expense. Companies are offering to complete the act of registering with government for a cost beyond the original fee of £35 and are also contacting businesses that have no obligation to register under the act. | ||
| 590 | _aWB | ||
| 650 | _aDATA PROTECTION ACT 1998 | ||
| 690 |
_aArts and antiques _96217 |
||
| 942 | _n0 | ||
| 999 |
_c69307 _d69307 |
||